000 00350nam a22001457a 4500
003 CEME
005 20210628205120.0
008 210226b xxu||||| |||| 00| 0 eng d
020 _a07-007860-2
040 _c.
082 _a657.42 BRO'C
245 _aCost accounting theory and practice
260 _aNEWYORK
_bMCGRAW HILL
_c1971
942 _cBK
_2ddc
999 _c579586
_d579586